| 000 | 00911nam a2200181 a 4500 | ||
|---|---|---|---|
| 001 | BRCA_8851 | ||
| 005 | 20190320210432.0 | ||
| 008 | 120517s--------sp-#######---#000-0#lat-# | ||
| 041 | _alat | ||
| 084 |
_aBE233 _b.O95 |
||
| 100 | 1 |
_aOviedo, Joanne Antonio de _922045 |
|
| 245 | 1 | 0 |
_aSuccus theologiae moralis _bpro maiori poenitentium, et confessariorum _cexpeditione diligenter expressus A. P. Joanne Antonio de Oviedo; Quem dicat, et vovet sanctissimae virgini, et dei-genitrici Mariae, cujus Imago sub titulo del refugio, in suburbio civitatis angelopolitanae in erecto nuper in ejus honorem Templo celebratur, & colitur. _bEx - Regia Typog. Officina D. Emmanuelis Espinola de los Monteros |
| 300 |
_a[10], 291 p. _c14.7 x 10 cm |
||
| 500 | _aEstado físico: presenta encuadernaion en pergamino con lomo semi desprendido | ||
| 650 | 1 | 4 |
_aConfesiones _xIglesia católica _922046 |
| 902 | _aCFM | ||
| 942 |
_2lcc _cB |
||
| 999 |
_c8502 _d8502 |
||